[Event "Berlin Lichtenberger op 7th"]
[Site "Berlin"]
[Date "2008.08.19"]
[Round "4"]
[White "Glaess, Henrik"]
[Black "Prix, Siegfried"]
[Result "1-0"]
[WhiteElo "1419"]
[BlackElo "1761"]
[PlyCount "143"]
[EventDate "2008.08.16"]
[EventType "swiss"]
[EventRounds "9"]
[EventCountry "GER"]
[SourceTitle "CBM 126 Extra"]
[Source "ChessBase"]
[SourceDate "2008.11.05"]
[SourceVersion "1"]
[SourceVersionDate "2008.11.05"]
[SourceQuality "1"]

1. d4 d5 2. Nf3 Nf6 3. c4 c6 4. Nc3 dxc4 5. a4 Bf5 6. e3 e6 7. Bxc4 Bb4 8. 0-0 0-0 9. h3 Ne4 10. Nxe4 Bxe4 11. Be2 Qd5 12. Bd2 Be7 13. Rc1 Nd7 14. b4 e5 15. Bc3 exd4 16. Qxd4 Nf6 17. Rfd1 Rfd8 18. Bc4 Qh5 19. Qe5 Bxf3 20. Rxd8+ Bxd8 21. gxf3 Qxf3 22. Bf1 Qd5 23. Qg3 Nh5 24. Qg4 Nf6 25. Qg3 Rc8 26. Be2 Bc7 27. f4 Qe6 28. Bd4 a5 29. b5 cxb5 30. Bxb5 Bd8 31. Rd1 Qe4 32. Bd3 Qc6 33. Bb5 Qe4 34. Be5 Nh5 35. Qf2 Bb6 36. Bd4 Bxd4 37. Rxd4 Qg6+ 38. Kh2 Kf8 39. Bd3 Qc6 40. Rc4 Qd7 41. Rd4 Qc6 42. Be4 Qc7 43. Qd2 Nf6 44. Bf5 Re8 45. e4 g6 46. e5 Ng8 47. Rd7 Qb6 48. Be4 Re7 49. Rd5 Qb4 50. Qxb4 axb4 51. Rb5 b3 52. Rxb3 Rc7 53. Bxb7 Rc4 54. a5 Ra4 55. a6 Ke7 56. Kg3 Nh6 57. Rd3 Nf5+ 58. Kg4 h5+ 59. Kf3 Nh4+ 60. Ke3 Nf5+ 61. Kd2 f6 62. exf6+ Kxf6 63. Kc2 g5 64. fxg5+ Kxg5 65. Kb3 Ra5 66. Kb4 Ra1 67. Ra3 Rb1+ 68. Rb3 Ra1 69. Kc5 h4 70. Kb6 Nd4 71. Rb2 Kf6 72. a7 1-0